| 000 | 00644nam a2200169 4500 | ||
|---|---|---|---|
| 008 | 170523b xxu||||| |||| 00| 0 eng d | ||
| 020 | _a0-8213-3558-8 | ||
| 082 |
_21996 _aDC 338.9 _bW89 |
||
| 245 | _aThe World bank participation source book. | ||
| 260 |
_aWashington, D.C.: _bThe World Bank, _c©1996. |
||
| 300 |
_axvi, 239 pages: _bIllustrations; _c28 cm. |
||
| 500 | _aIncludes index. | ||
| 650 | 0 |
_920976 _aWorld bank |
|
| 650 | 0 |
_920977 _aEconomic development projects _xCase studies _vHandbooks, manuals, etc. |
|
| 650 | 0 |
_920978 _aEconomic development project _xCitizen participation _xCase studies _vHandbooks, manuals, etc. |
|
| 942 |
_2ddc _cDC |
||
| 999 |
_c6932 _d6932 |
||